[Event "RUS-chT Rapid Men 2018"]
[Site "Sochi"]
[Date "2018.10.08"]
[Round "3"]
[White "Truskavetsky, Alexandr"]
[Black "Vastrukhin, Oleg"]
[Result "0-1"]
[WhiteElo "2393"]
[BlackElo "2413"]
[Annotator "TA"]
[PlyCount "172"]
[EventDate "2018.10.05"]
[EventType "swiss"]
[EventCountry "RUS"]
[SourceTitle "playchess.com"]
[Source "ChessBase"]
[SourceQuality "1"]

{[%evp 10,172,42,32,34,21,15,17,19,22,27,20,16,13,22,18,29,33,60,49,48,27,64,70,67,59,55,0,0,0,0,0,0,0,54,52,78,70,87,0,0,0,0,0,0,0,25,27,33,22,54,24,84,0,87,87,172,-208,-205,-201,-201,-202,-187,-200,-204,-214,-210,-212,-208,-311,-244,-422,-406,-428,-214,-363,-378,-376,-352,-374,-350,-332,-317,-385,-330,-349,-342,-422,-390,-390,-390,-516,-501,-547,-542,-513,-495,-569,-569,-569,-569,-1230,-1182,-29956,-29959,-29958,-29957,-29957,-29957,-29961,-29962,-29963,-29963,-29968,-29969,-29970,-29967,-29968,-29963,-29966,0,-29967,-29962,-29969,-29970,-29970,-29971,-29971,-29971,-29983,-29964,-29964,-29965,-29965,-29966,-29966,-29967,-29967,-29968,-29968,-29969,-29969,-29970,-29969,-29970,-29970,-29970,-29970,-29971,-29970,-29968,-29968,-29969,-29969,-29970,-29970,-29971,-29971,-29971,-29972,-29972,-29973,-29974,-29972,-29969]} 1. d4 {[%cal Bd2d4,Bd4d5][%mdl 32]} g6 2. c4 Bg7 3. Nf3 d6 4. g3 e5 5. Bg2 Nc6 6. d5 Nd4 {A41: 1 d4 d6: Tartakower System and Modern Defence} (6... Nce7 7. Nc3 h6 8. O-O f5 9. e4 Nf6 10. exf5 gxf5 11. Nh4 O-O 12. f4 e4 13. Be3 c6 14. Kh1 {1-0 (34) Grandelius,N (2643)-Sanal,V (2474) Doha 2016}) 7. Nxd4 exd4 8. Nd2 Ne7 {The position is equal.} 9. Nf3 c5 10. dxc6 Nxc6 11. O-O O-O 12. Bf4 $146 ({Predecessor:} 12. b3 Re8 13. Bg5 Qa5 14. Bf4 {½-½ (24) Makarov,M (2480)-Doroshkievich,V (2375) Podolsk 1990}) 12... Be6 13. Rc1 a5 14. Qd2 Re8 15. Bh6 Bh8 16. Ng5 a4 17. h4 Qa5 18. Ne4 (18. Nxe6 $14 Qxd2 19. Bxd2 fxe6 20. Rb1) 18... Qxd2 $11 19. Bxd2 d5 20. Nc5 {[%cal Be4c5,Bc5b7,Bb7d6][%mdl 32]} dxc4 21. Nxb7 Ne5 (21... a3 $1 $11 22. bxa3 c3) 22. Nd6 $14 a3 23. bxa3 c3 24. Bxc3 (24. Nxe8 $16 Rxe8 25. Bf4) 24... dxc3 $11 25. Nxe8 Rxe8 26. Rxc3 Nc4 27. Rd3 Bf6 28. Rc1 Nb2 29. Rd2 Kg7 30. e3 Rb8 (30... Nc4 $11 31. Rd3 Bb2) 31. Rcc2 ({White should try} 31. Bd5 $16) 31... Rb5 (31... Nc4 $11 {remains equal.} 32. Rd1 Nxa3) 32. Bc6 $16 Rb6 (32... Ra5 $16) 33. a4 $4 {[%mdl 8192] [#]} (33. Bd5 $18 {was the only winning move.}) 33... Nc4 $19 34. Bb5 Nxd2 35. Rxd2 Bc3 36. Rc2 Ba5 37. Rc5 Bb4 38. Rc2 Rd6 39. f4 (39. Bc4 $142) 39... Bf5 40. Rc7 $2 (40. e4 Be6 41. Kf2) 40... Ba5 41. Rb7 Be4 (41... Rd1+ $142 42. Kf2 Be1+ 43. Kf3 Rd2) 42. Re7 (42. Rd7 {was the only defense.} Rxd7 43. Bxd7) 42... Rd1+ 43. Kf2 Rd2+ 44. Kf1 Bg2+ 45. Kg1 Bd5 ({Less strong is} 45... Rxa2 46. Bc4 $17) 46. e4 Bxa2 47. Rd7 Bb6+ 48. Kf1 {[#]} Bc4+ $1 {[%mdl 512]} 49. Ke1 (49. Bxc4 Rxd7) 49... Re2+ 50. Kd1 Rxe4 51. Bc6 Bb3+ 52. Kd2 Bxa4 53. Rxf7+ Kxf7 54. Bxe4 Bf2 55. h5 Bxg3 56. hxg6+ hxg6 57. Ke3 Kf6 58. Kf3 Be1 59. Bd3 Bd1+ 60. Ke3 Ba5 61. Be4 Bb6+ 62. Kd2 Bh5 63. Bc2 Ke7 64. Bb3 Kf6 65. Bc2 $1 Ke6 {Black mates.} 66. Bb1 Kd5 67. Kd3 Bg4 68. Ba2+ Kd6 69. Ke4 Ke7 70. Bc4 Kf6 71. Ba6 Kg7 72. Bb5 Kh6 73. Be8 Kh5 74. Bf7 Bf5+ 75. Kf3 Kh4 76. Be8 Bc7 77. Bf7 Bg4+ 78. Ke4 Bd1 79. Ke3 Bc2 80. Kf3 Bf5 81. Be8 Bg4+ 82. Ke3 Bh5 83. Bd7 Kg3 84. f5 g5 85. Be6 Be5 86. Bd5 Bf6 {Precision: White = 44%, Black = 65%.} 0-1

[Event "RUS-chT Rapid Men 2018"]
[Site "Sochi"]
[Date "2018.10.08"]
[Round "3"]
[White "Dilmukhametov, Artur"]
[Black "Bocharov, Dmitry"]
[Result "0-1"]
[WhiteElo "2353"]
[BlackElo "2557"]
[Annotator "TA"]
[PlyCount "111"]
[EventDate "2018.10.05"]
[EventType "swiss"]
[EventCountry "RUS"]
[SourceTitle "playchess.com"]
[Source "ChessBase"]
[SourceQuality "1"]

{[%evp 11,111,13,19,21,26,-26,23,9,62,61,64,54,52,32,30,37,38,0,0,-16,-2,-45,-34,-29,-47,-56,-34,-26,-20,-231,-230,-212,-227,-214,-229,-217,-198,-245,-232,-253,-224,-275,-257,-267,-261,-279,-285,-316,-320,-320,-313,-322,-319,-320,-333,-314,-318,-309,-291,-317,-269,-284,-284,-280,-265,-492,-492,-475,-475,-490,-491,-468,-459,-456,-453,-418,-401,-494,-464,-561,-554,-506,-506,-1406,-1370,-29961,-12435,-29957,-29969,-29974,-29975,-29975,-29976,-29977,-29978,-29977,-29978,-29979,-29980,-29979,-29980,-29981]} 1. d4 Nf6 2. Nc3 d5 3. Bf4 a6 4. e3 {[%cal Be2e3,Be3e4][%mdl 32]} e6 5. g4 (5. Qf3 c5 6. O-O-O Nc6 7. Nge2 cxd4 8. Nxd4 Bb4 9. Nxc6 bxc6 10. Be5 Bd6 11. Bxd6 Qxd6 {½-½ (30) Jobava,B (2690)-Berkes,F (2662) Villorba 2018}) 5... c5 6. g5 {D00: 1 d4 d5: Unusual lines} Nfd7 {LiveBook: 12 Games} 7. h4 Nc6 {[%cal Bb8c6,Bc6b4,Bb4d5][%mdl 32]} 8. Nge2 $146 (8. Nf3 $142) ({Predecessor:} 8. Nf3 Qb6 9. Rb1 Qa5 10. Qd2 b5 11. a3 c4 {1-0 (47) Furfine,J (2243)-Rajdeep,S (2342) Montevideo 2017}) 8... b5 9. e4 Nb6 (9... e5 $11 10. dxe5 d4) 10. Bg2 $14 Bb7 11. exd5 Nb4 12. dxc5 Bxc5 {[%cal Rb6d5]} 13. Ne4 Bxd5 14. a3 Bxe4 $1 15. Bxe4 N4d5 16. Be5 O-O 17. Qd3 Nc4 18. Bd4 $1 {[%cal Rd4c5]} Bxd4 19. Qxd4 Qa5+ 20. Nc3 $2 (20. b4 $11 Qd8 21. O-O) 20... Rad8 $19 {Threatens to win with ...Nf6.} ({Much less strong is} 20... Nxb2 21. Bxd5 Rac8 22. Qb4 $17) 21. Bxd5 Rxd5 ({Worse is} 21... exd5 22. O-O-O $11) 22. b4 {[#] Hoping for Qxd5.} Rxd4 23. bxa5 Nxa5 24. Ne2 Rc4 25. c3 Rd8 26. Rd1 Rxd1+ 27. Kxd1 {[%mdl 4096] Endgame KRN-KRN} Ra4 28. Kc2 Kf8 29. Rd1 Ke7 ({Weaker is} 29... Rxh4 30. Rd8+ Ke7 31. Ra8 $17) 30. Nd4 Rxa3 31. Kb2 Ra4 32. f4 g6 33. h5 gxh5 34. Rh1 Nc4+ 35. Kb3 Nd2+ 36. Kc2 Ne4 37. Rxh5 Rc4 38. Ne2 $2 {[#]} (38. Kd3 {keeps fighting.} Nxc3 39. Rxh7) 38... Nxc3 $1 {[%mdl 512]} 39. Nxc3 {KRN-KR} b4 40. Kb3 Rxc3+ 41. Kxb4 {KR-KR} Rf3 42. Rh4 Kd6 43. Kc4 a5 44. Kb5 Kd5 45. Kxa5 Ke4 46. Kb6 Rxf4 47. Rxh7 (47. Rh1 $142 Kf5 48. Rxh7 Kxg5 49. Kc5) 47... Kd4 48. Rg7 e5 {[%cal Be6e5,Be5e4,Be4e3][%mdl 32]} 49. g6 fxg6 {Black mates.} 50. Rxg6 e4 51. Rd6+ Ke3 52. Kc5 Ke2 53. Kd5 e3 54. Ke5 Ra4 55. Rb6 Kf2 56. Kd5 {Precision: White = 35%, Black = 87%.} 0-1

[Event "RUS-chT Rapid Men 2018"]
[Site "Sochi"]
[Date "2018.10.08"]
[Round "3"]
[White "Derjabin, Ilja"]
[Black "Tenikashvili, Georgij"]
[Result "1-0"]
[WhiteElo "2345"]
[BlackElo "2361"]
[Annotator "NA"]
[PlyCount "60"]
[EventDate "2018.10.05"]
[EventType "swiss"]
[EventCountry "RUS"]
[SourceTitle "playchess.com"]
[Source "ChessBase"]
[SourceQuality "1"]
[TimeControl "900+10"]

1. Nf3 {[%emt 0:00:00]} d5 {[%emt 0:00:00]} 2. c4 {[%emt 0:00:00]} dxc4 {[%emt 0:00:00]} 3. Na3 {[%emt 0:00:00]} a6 {[%emt 0:00:06]} 4. Nxc4 {[%emt 0:00:06]} b5 {[%emt 0:00:03]} 5. Ne3 {[%emt 0:00:18]} Bb7 {[%emt 0:00:03]} 6. g3 {[%emt 0:00:06]} Nf6 {[%emt 0:00:25]} 7. Bg2 {[%emt 0:00:04]} e6 {[%emt 0:00:05]} 8. a4 {[%emt 0:00:05]} Nbd7 {[%emt 0:00:24]} 9. O-O {[%emt 0:00:11]} c5 {[%emt 0:01:50]} 10. d4 {[%emt 0:00:45]} Be7 {[%emt 0:00:56]} 11. dxc5 {[%emt 0:04:23]} Bxc5 {[%emt 0:01:43]} 12. Qb3 {[%emt 0:00:13]} b4 {[%emt 0:01:52]} 13. Rd1 {[%emt 0:01:50]} Qe7 {[%emt 0:01:57]} 14. Ne1 {[%emt 0:03:53]} Bxg2 {[%emt 0:00:28]} 15. Kxg2 {[%emt 0:00:01]} a5 {[%emt 0:01:49]} 16. Nd3 {[%emt 0:00:17]} O-O {[%emt 0:00:11]} 17. Qc4 {[%emt 0:00:55]} Rfc8 {[%emt 0:01:17]} 18. Qh4 {[%emt 0:00:03]} Bb6 {[%emt 0:00:33]} 19. Nc4 {[%emt 0:00:26]} Bc7 {[%emt 0:01:53]} 20. b3 {[%emt 0:00:24]} Nb6 {[%emt 0:00:55]} 21. Bg5 {[%emt 0:01:30]} Nxc4 {[%emt 0:00:11]} 22. bxc4 {[%emt 0:00:03]} Bb6 {[%emt 0:00:24]} 23. Ne5 {[%emt 0:00:14]} Qb7+ {[%emt 0:00:43]} 24. f3 {[%emt 0:00:05]} Ne8 {[%emt 0:00:22]} 25. Rd7 {[%emt 0:00:25]} Rc7 {[%emt 0:00:04]} 26. Rad1 {[%emt 0:00:03]} f6 {[%emt 0:00:27]} 27. Qg4 {[%emt 0:00:51]} f5 {[%emt 0:00:25]} 28. Qh5 {[%emt 0:00:08]} Rxd7 {[%emt 0:00:21]} 29. Rxd7 {[%emt 0:00:02]} g6 {[%emt 0:00:10]} 30. Qh6 {[%emt 0:00:16]} Nc7 {[%emt 0:00:12]} 1-0

[Event "RUS-chT Rapid Men 2018"]
[Site "Sochi"]
[Date "2018.10.08"]
[Round "3"]
[White "Ivlev, Aleksey"]
[Black "Kozionov, Kirill"]
[Result "1/2-1/2"]
[WhiteElo "2326"]
[BlackElo "2458"]
[Annotator "TA"]
[PlyCount "100"]
[EventDate "2018.10.05"]
[EventType "swiss"]
[EventCountry "RUS"]
[SourceTitle "playchess.com"]
[Source "ChessBase"]
[SourceQuality "1"]

{[%evp 20,100,29,19,27,25,75,0,0,0,0,0,0,0,0,0,5,0,-3,-6,0,-2,0,0,0,-37,-35,-35,-35,-36,-38,-48,-23,-26,-8,-10,0,0,0,-2,-2,-29,0,-10,0,0,0,0,0,0,0,-10,0,0,0,0,0,0,0,-6,0,0,0,-2,-2,-2,0,-2,-2,-2,-2,-20,0,0,0,0,0,0,0,0,0,0,0]} 1. d4 Nf6 2. c4 g6 3. Nf3 Bg7 4. g3 O-O 5. Bg2 d6 6. Nc3 Nc6 7. O-O e5 8. dxe5 Nxe5 9. Nxe5 dxe5 10. Qxd8 Rxd8 11. Bg5 {Black must now prevent Ne4.} Rd4 {E62: King's Indian: Fianchetto: 6...c6 and Panno Variation (6...Nc6) without ...a6} 12. Be3 Rxc4 {[#]} 13. Rac1 $146 (13. Rfd1 $1 $16 {[%cal Rd1d8]} Be6 14. Bxb7) ({Predecessor:} 13. Rfd1 Bd7 14. Bxb7 Rb8 15. Ba6 Rc6 16. Bb5 Rxc3 17. Bxd7 Rxb2 18. Ba4 Bf8 19. Bb3 Rxe3 20. fxe3 {0-1 (40) Baburin,A (2590)-Gullaksen,E (2360) Port Erin 1998}) 13... e4 $11 14. b3 Rc6 $1 15. Nxe4 {Rxc6 is the strong threat.} Rxc1 16. Rxc1 {And now Nxf6+ would win.} Nxe4 17. Bxe4 c6 18. a4 (18. Rd1 {is more complex.} Be6 19. Bd3 a5 20. Rb1 Bc3 21. Bc4) 18... Be6 19. b4 a6 20. Bb6 Re8 21. Bd3 Bb3 22. Bc2 Bb2 23. Rb1 Bxc2 24. Rxb2 Bxa4 $15 {[%mdl 4096] Endgame KRB-KRB} 25. f3 Bb5 26. Kf2 f6 27. Rd2 Kf7 28. e4 Bc4 29. Bc5 Be6 30. h4 h5 31. Rd6 {The position is equal.} Rb8 32. Ba7 Ra8 33. Bb6 $1 Ke7 34. Rd1 Rg8 35. Be3 Kf7 36. Rd6 Ra8 37. Bb6 Rc8 38. Ke3 Re8 39. Kf2 Rg8 40. Be3 Rb8 41. Bb6 Ke7 42. Rd2 Re8 43. Ke3 Kf7 44. Kd4 Re7 45. Kc5 Rd7 46. Rxd7+ Bxd7 47. Kd6 Be6 48. f4 Bg4 49. e5 fxe5 50. fxe5 Bf5 {Precision: White = 67%, Black = 49%.} 1/2-1/2

[Event "RUS-chT Rapid Men 2018"]
[Site "Sochi"]
[Date "2018.10.08"]
[Round "3"]
[White "Chos, Alexey"]
[Black "Oganian, Miran"]
[Result "1-0"]
[WhiteElo "2296"]
[BlackElo "2435"]
[Annotator "TA"]
[PlyCount "24"]
[EventDate "2018.10.05"]
[EventType "swiss"]
[EventCountry "RUS"]
[SourceTitle "playchess.com"]
[Source "ChessBase"]
[SourceQuality "1"]

{[%evp 15,24,1,25,0,0,-41,0,-45,-45,-100,-103]} 1. e4 c5 2. Nf3 d6 3. d4 cxd4 4. Nxd4 Nf6 5. Nc3 a6 6. Bg5 Nbd7 7. Qf3 e6 8. O-O-O Be7 9. Kb1 {B95: Sicilian Najdorf: 6 Bg5 e6, unusual White 7th moves} (9. g4 Qc7 10. Bd2 h6 11. a3 g6 12. Be2 e5 13. Nb3 Nb6 14. Qg2 Be6 15. f4 O-O-O 16. f5 gxf5 17. gxf5 {½-½ (31) Wilczek,T (2597)-Roubaud,D (2575) ICCF email 2012}) 9... Qc7 10. Be2 Rb8 11. g4 $146 ({Predecessor:} 11. Qg3 b5 12. a3 b4 13. axb4 Rxb4 14. f4 Qb6 15. Nb3 h6 16. Bh4 O-O 17. Bd3 {0-1 (57) Franchini,G (2292)-Snape,I (2241) Coulsdon 2006}) 11... b5 {[%cal Bb7b5,Bb5b4][%mdl 32]} 12. Rhe1 (12. Bxf6 $15 Bxf6 13. g5) 12... b4 {[%mdl 32768] Loss on Time!?} 1-0

[Event "RUS-chT Rapid Men 2018"]
[Site "Sochi"]
[Date "2018.10.08"]
[Round "3"]
[White "Tsvetkov, Andrey"]
[Black "Potapov, Pavel"]
[Result "1/2-1/2"]
[WhiteElo "2264"]
[BlackElo "2515"]
[Annotator "TA"]
[PlyCount "74"]
[EventDate "2018.10.05"]
[EventType "swiss"]
[EventCountry "RUS"]
[SourceTitle "playchess.com"]
[Source "ChessBase"]
[SourceQuality "1"]

{[%evp 17,74,32,24,7,25,-18,37,18,28,9,16,-8,-2,-6,0,4,9,0,11,6,37,37,37,37,37,35,35,0,10,7,15,15,39,35,41,41,52,36,52,52,60,52,58,0,59,0,0,0,59,51,59,0,60,51,54,0,98,44,60]} 1. Nf3 c5 2. g3 Nc6 3. Bg2 g6 4. d4 cxd4 5. Nxd4 Bg7 6. Nxc6 bxc6 7. c4 Nf6 8. Nc3 O-O 9. O-O Rb8 $1 10. Qa4 {A04: Unusual lines after 1 Nf3 and King's Indian Attack} a5 (10... Qb6 11. Rb1 Qa6 12. Qxa6 Bxa6 13. b3 d5 14. Ba3 dxc4 15. bxc4 Bxc4 16. Bxe7 Rxb1 17. Rxb1 Re8 {½-½ (32) Marin,M (2576)-Kovalenko,I (2668) Almaty 2016}) 11. Qc2 Bb7 (11... d5 $11) 12. Bf4 d6 13. Rfd1 $146 ({Predecessor:} 13. Rad1 Nd7 14. b3 Nc5 15. Be3 Ne6 16. Na4 Ba8 17. f4 f5 {1-0 (51) Skatchkov,V (2104)-Bjerre,J (2375) Batumi 2016}) 13... c5 14. Bxb7 (14. Rab1 {with more complications.} h5 15. Qd2 Ng4 16. h3 Ne5 17. b3) 14... Rxb7 15. Rab1 Qa8 16. b3 h5 17. h4 Ng4 18. Nb5 Ne5 (18... Be5 {seems wilder.} 19. Bd2 Bg7 20. f3 Ne5 21. Bc3 Nc6) 19. Bxe5 Bxe5 20. f4 Bf6 21. e4 Qc8 22. Rd3 Qg4 23. Qd1 Qh3 {[#] Strongly threatening ...Rxb5!} 24. Qf1 Qc8 25. a4 Bg7 26. Qf3 Rb8 27. Re1 Qb7 28. Kg2 Rbd8 29. Red1 Rde8 30. Re1 (30. R3d2 $14) 30... Qc6 ({Black should play} 30... Rd8 $1 $11) 31. Na7 (31. Rd5 $14) 31... Qb7 $11 (31... Qb6 $5 32. Nb5 $8 Qc6 $14) 32. Nb5 Rb8 (32... Qc6 $11) 33. Rde3 Rfe8 34. Rd3 (34. Qe2 $14) 34... Red8 (34... Rf8 $1 $11) 35. Red1 Rdc8 36. Re1 (36. Rd5 $14) 36... Kf8 (36... Rd8 $11 {remains equal.}) 37. Rde3 ({Better is} 37. Rd5 $16) 37... Kg8 {Precision: White = 33%, Black = 21%.} 1/2-1/2

[Event "RUS-chT Rapid Men 2018"]
[Site "Sochi"]
[Date "2018.10.08"]
[Round "3"]
[White "Nazaretyan, Tigran"]
[Black "Jary, Sergey"]
[Result "1-0"]
[WhiteElo "2248"]
[BlackElo "2286"]
[Annotator "NA"]
[PlyCount "67"]
[EventDate "2018.10.05"]
[EventType "swiss"]
[EventCountry "RUS"]
[SourceTitle "playchess.com"]
[Source "ChessBase"]
[SourceQuality "1"]
[TimeControl "900+10"]

1. d4 {[%emt 0:00:00]} Nf6 {[%emt 0:00:00]} 2. c4 {[%emt 0:00:00]} e6 {[%emt 0:00:00]} 3. Nf3 {[%emt 0:00:00]} Bb4+ {[%emt 0:00:00]} 4. Nc3 {[%emt 0:00:10]} d5 {[%emt 0:00:00]} 5. e3 {[%emt 0:00:02]} O-O {[%emt 0:00:04]} 6. Bd3 {[%emt 0:00:05]} b6 {[%emt 0:00:04]} 7. O-O {[%emt 0:00:04]} Bb7 {[%emt 0:00:07]} 8. cxd5 {[%emt 0:00:02]} exd5 {[%emt 0:00:03]} 9. a3 {[%emt 0:00:02]} Bd6 {[%emt 0:00:20]} 10. b4 {[%emt 0:00:05]} a6 11. Qb3 {[%emt 0:00:16]} Nbd7 {[%emt 0:00:52]} 12. a4 {[%emt 0:00:09]} Qe7 {[%emt 0:00:13]} 13. Ba3 {[%emt 0:00:20]} c6 {[%emt 0:01:37]} 14. a5 {[%emt 0:00:52]} b5 {[%emt 0:02:15]} 15. Rae1 {[%emt 0:01:20]} Ne4 {[%emt 0:00:30]} 16. Bxe4 {[%emt 0:01:17]} dxe4 {[%emt 0:00:05]} 17. Nd2 {[%emt 0:00:11]} Nf6 {[%emt 0:00:15]} 18. f3 {[%emt 0:01:37]} exf3 {[%emt 0:01:26]} 19. Rxf3 {[%emt 0:02:56]} Ng4 {[%emt 0:02:41]} 20. h3 {[%emt 0:00:44]} Nh6 {[%emt 0:03:09]} 21. e4 {[%emt 0:00:39]} Bc8 {[%emt 0:00:18]} 22. e5 {[%emt 0:00:30]} Bb8 {[%emt 0:00:04]} 23. Nce4 {[%emt 0:01:48]} Ba7 {[%emt 0:00:12]} 24. Nc5 {[%emt 0:00:07]} Be6 {[%emt 0:00:11]} 25. Qc2 {[%emt 0:00:12]} Rad8 {[%emt 0:00:07]} 26. Bb2 {[%emt 0:00:01]} Bxc5 {[%emt 0:00:13]} 27. dxc5 {[%emt 0:00:21]} Qg5 {[%emt 0:00:46]} 28. Ne4 {[%emt 0:00:07]} Qh5 {[%emt 0:00:09]} 29. Rg3 {[%emt 0:00:10]} Kh8 {[%emt 0:00:05]} 30. Rg5 {[%emt 0:00:38]} Qh4 {[%emt 0:00:07]} 31. g3 {[%emt 0:00:29]} Qxh3 {[%emt 0:00:11]} 32. Nf2 {[%emt 0:00:05]} Bb3 {[%emt 0:00:02]} 33. Qxb3 {[%emt 0:00:26]} Qd7 {[%emt 0:00:01]} 34. e6 {[%emt 0:00:06]} 1-0

[Event "RUS-chT Rapid Men 2018"]
[Site "Sochi"]
[Date "2018.10.08"]
[Round "3"]
[White "Taysayev, Timur"]
[Black "Kurbedinov, Ramis"]
[Result "0-1"]
[WhiteElo "2225"]
[BlackElo "2305"]
[Annotator "NA"]
[PlyCount "156"]
[EventDate "2018.10.05"]
[EventType "swiss"]
[EventCountry "RUS"]
[SourceTitle "playchess.com"]
[Source "ChessBase"]
[SourceQuality "1"]
[TimeControl "900+10"]

1. e4 {[%emt 0:00:00]} e5 {[%emt 0:00:00]} 2. Nf3 {[%emt 0:00:00]} Nc6 {[%emt 0:00:00]} 3. Bb5 {[%emt 0:00:07]} g6 {[%emt 0:00:00]} 4. d4 {[%emt 0:00:35]} exd4 {[%emt 0:00:00]} 5. Bg5 {[%emt 0:00:04]} Be7 {[%emt 0:00:00]} 6. h4 {[%emt 0:00:12]} h6 {[%emt 0:01:25]} 7. Bf4 {[%emt 0:00:20]} a6 {[%emt 0:01:38]} 8. Ba4 {[%emt 0:02:24]} b5 {[%emt 0:00:59]} 9. Bb3 {[%emt 0:00:03]} d6 {[%emt 0:00:15]} 10. Bd5 {[%emt 0:06:01]} Bd7 {[%emt 0:00:18]} 11. Nxd4 {[%emt 0:00:15]} Nxd4 {[%emt 0:00:41]} 12. Qxd4 {[%emt 0:01:26]} Bf6 {[%emt 0:00:33]} 13. e5 {[%emt 0:00:36]} dxe5 {[%emt 0:00:23]} 14. Bxe5 {[%emt 0:00:11]} c6 {[%emt 0:00:13]} 15. Bxf6 {[%emt 0:00:41]} Qxf6 {[%emt 0:01:20]} 16. Qxf6 {[%emt 0:00:15]} Nxf6 {[%emt 0:00:02]} 17. Bf3 {[%emt 0:00:22]} O-O-O {[%emt 0:00:15]} 18. O-O {[%emt 0:00:04]} g5 {[%emt 0:00:09]} 19. Nc3 {[%emt 0:01:26]} g4 {[%emt 0:01:03]} 20. Be4 {[%emt 0:00:35]} b4 {[%emt 0:00:14]} 21. Bd3 {[%emt 0:01:07]} bxc3 {[%emt 0:00:02]} 22. Bxa6+ {[%emt 0:00:02]} Kc7 {[%emt 0:00:02]} 23. bxc3 {[%emt 0:00:20]} Bf5 {[%emt 0:00:07]} 24. Bc4 {[%emt 0:00:06]} Nd5 {[%emt 0:00:14]} 25. Rac1 {[%emt 0:00:06]} Nxc3 {[%emt 0:00:07]} 26. Rfe1 {[%emt 0:00:02]} Rhe8 {[%emt 0:00:42]} 27. Bxf7 {[%emt 0:00:28]} Rxe1+ {[%emt 0:00:36]} 28. Rxe1 {[%emt 0:00:02]} Rd1 {[%emt 0:00:07]} 29. Rxd1 {[%emt 0:00:08]} Nxd1 {[%emt 0:00:00]} 30. Bb3 {[%emt 0:00:41]} c5 {[%emt 0:01:19]} 31. c4 {[%emt 0:01:04]} Nb2 {[%emt 0:00:48]} 32. Kh2 {[%emt 0:00:06]} Be6 {[%emt 0:00:15]} 33. Kg3 {[%emt 0:00:03]} h5 {[%emt 0:01:15]} 34. Kf4 {[%emt 0:00:07]} Bxc4 {[%emt 0:00:14]} 35. Kg5 {[%emt 0:00:03]} Be2 {[%emt 0:00:13]} 36. Kxh5 {[%emt 0:00:12]} g3+ {[%emt 0:00:07]} 37. f3 {[%emt 0:00:01]} Bxf3+ {[%emt 0:00:03]} 38. Kg5 {[%emt 0:00:01]} Bxg2 {[%emt 0:00:46]} 39. Kf4 {[%emt 0:00:02]} Be4 {[%emt 0:00:59]} 40. Kxg3 {[%emt 0:00:04]} Nd3 {[%emt 0:00:14]} 41. h5 {[%emt 0:00:15]} Bh7 {[%emt 0:00:42]} 42. Kf3 {[%emt 0:00:18]} Ne5+ {[%emt 0:00:24]} 43. Kf4 {[%emt 0:00:02]} Kd6 {[%emt 0:00:07]} 44. Kg5 {[%emt 0:00:07]} c4 {[%emt 0:00:25]} 45. Kh6 {[%emt 0:00:17]} cxb3 {[%emt 0:00:17]} 46. axb3 {[%emt 0:00:02]} Bd3 {[%emt 0:00:20]} 47. Kg7 {[%emt 0:00:02]} Nf3 {[%emt 0:00:24]} 48. Kf6 {[%emt 0:00:12]} Kc5 {[%emt 0:00:20]} 49. h6 {[%emt 0:00:03]} Kb4 {[%emt 0:00:05]} 50. Kg7 {[%emt 0:00:29]} Ng5 {[%emt 0:00:02]} 51. h7 {[%emt 0:00:01]} Nxh7 {[%emt 0:00:02]} 52. Kh8 {[%emt 0:00:03]} Ng5 {[%emt 0:00:11]} 53. Kg7 {[%emt 0:00:01]} Nf3 {[%emt 0:00:09]} 54. Kf6 {[%emt 0:00:01]} Be4 {[%emt 0:00:02]} 55. Ke6 {[%emt 0:00:01]} Kxb3 {[%emt 0:00:04]} 56. Kf6 {[%emt 0:00:03]} Kc4 {[%emt 0:00:02]} 57. Ke6 {[%emt 0:00:01]} Kc5 {[%emt 0:00:02]} 58. Kf6 {[%emt 0:00:02]} Kd6 {[%emt 0:00:02]} 59. Kf7 {[%emt 0:00:01]} Ke5 {[%emt 0:00:09]} 60. Kg7 {[%emt 0:00:01]} Ng5 {[%emt 0:00:06]} 61. Kh6 {[%emt 0:00:02]} Kf6 {[%emt 0:00:03]} 62. Kh5 {[%emt 0:00:01]} Nf7 {[%emt 0:00:46]} 63. Kg4 {[%emt 0:00:01]} Ke5 {[%emt 0:00:02]} 64. Kg3 {[%emt 0:00:04]} Kd4 {[%emt 0:00:17]} 65. Kf4 {[%emt 0:00:01]} Kd3 {[%emt 0:00:01]} 66. Kg4 {[%emt 0:00:07]} Ke3 {[%emt 0:00:02]} 67. Kg3 {[%emt 0:00:01]} Bf5 {[%emt 0:00:11]} 68. Kg2 {[%emt 0:00:05]} Ne5 {[%emt 0:00:13]} 69. Kg3 {[%emt 0:00:01]} Ng6 {[%emt 0:00:01]} 70. Kg2 {[%emt 0:00:01]} Be4+ {[%emt 0:00:08]} 71. Kg3 {[%emt 0:00:02]} Bf3 {[%emt 0:00:02]} 72. Kh2 {[%emt 0:00:01]} Kf2 {[%emt 0:00:07]} 73. Kh3 {[%emt 0:00:01]} Bh5 {[%emt 0:00:04]} 74. Kh2 {[%emt 0:00:01]} Nf4 {[%emt 0:00:02]} 75. Kh1 {[%emt 0:00:01]} Ne2 {[%emt 0:00:14]} 76. Kh2 {[%emt 0:00:00]} Bg4 {[%emt 0:00:02]} 77. Kh1 {[%emt 0:00:01]} Ng3+ {[%emt 0:00:10]} 78. Kh2 {[%emt 0:00:01]} Nf1+ 0-1

[Event "RUS-chT Rapid Men 2018"]
[Site "Sochi"]
[Date "2018.10.08"]
[Round "3"]
[White "Kretov, Evgenij"]
[Black "Rozum, Ivan"]
[Result "1/2-1/2"]
[WhiteElo "2219"]
[BlackElo "2573"]
[Annotator "ChessBase"]
[PlyCount "61"]
[EventDate "2018.10.05"]
[EventType "swiss"]
[EventCountry "RUS"]
[SourceTitle "playchess.com"]
[Source "ChessBase"]
[SourceQuality "1"]
[TimeControl "900+10"]

1. d4 {[%emt 0:00:00]} Nf6 {[%emt 0:00:00]} 2. c4 {[%emt 0:00:00]} e6 {[%emt 0:00:00]} 3. Nc3 {[%emt 0:00:00]} Bb4 {[%emt 0:00:00]} 4. Bg5 {[%emt 0:00:00]} h6 {[%emt 0:00:19]} 5. Bh4 {[%emt 0:00:00]} g5 {[%emt 0:00:03]} 6. Bg3 {[%emt 0:00:00]} Ne4 {[%emt 0:00:02]} 7. Qc2 {[%emt 0:00:00]} Nxg3 {[%emt 0:00:02]} 8. hxg3 {[%emt 0:00:01]} Bf8 {[%emt 0:00:03]} 9. Nf3 {[%emt 0:00:26]} Bg7 {[%emt 0:00:02]} 10. e3 {[%emt 0:00:07]} d6 {[%emt 0:00:03]} 11. Bd3 {[%emt 0:00:09]} Qe7 {[%emt 0:00:02]} 12. b4 {[%emt 0:01:03]} c5 {[%emt 0:01:32]} 13. bxc5 {[%emt 0:00:21]} dxc5 {[%emt 0:00:01]} 14. d5 {[%emt 0:00:18]} O-O {[%emt 0:01:16]} 15. Rd1 {[%emt 0:00:32]} f5 {[%emt 0:00:28]} 16. dxe6 {[%emt 0:02:14]} Bxe6 {[%emt 0:00:06]} 17. Nd5 {[%emt 0:00:17]} Qf7 {[%emt 0:02:05]} 18. g4 {[%emt 0:00:45]} Nc6 {[%emt 0:00:30]} 19. gxf5 {[%emt 0:02:11]} Bxf5 {[%emt 0:03:06]} 20. Bxf5 {[%emt 0:00:47]} Qxf5 {[%emt 0:00:02]} 21. Qe2 {[%emt 0:00:44]} Rae8 {[%emt 0:00:37]} 22. O-O {[%emt 0:00:41]} Re4 {[%emt 0:04:23]} 23. Qd3 {[%emt 0:01:55]} Nb4 {[%emt 0:01:25]} 24. Qb1 {[%emt 0:01:07]} Qe6 {[%emt 0:01:03]} 25. Nxb4 {[%emt 0:00:28]} cxb4 {[%emt 0:00:01]} 26. Qxb4 {[%emt 0:00:33]} Rxf3 {[%emt 0:01:18]} 27. gxf3 {[%emt 0:00:07]} Rg4+ {[%emt 0:00:01]} 28. fxg4 {[%emt 0:00:43]} Qxg4+ {[%emt 0:00:04]} 29. Kh1 {[%emt 0:00:01]} Qh3+ {[%emt 0:00:10]} 30. Kg1 {[%emt 0:00:01]} Qg4+ {[%emt 0:00:02]} 31. Kh1 1/2-1/2